000 00434nam a2200121Ia 4500
008 220620s9999||||xx |||||||||||||| ||und||
245 0 _aCurrent Issues in Molecular Virology
_bViral Genetics and Biotechnological Applications
546 _aEnglish[eng]
650 _aMedical microbiology & virology
700 _aRomanowski, Victor
856 _uhttps://mts.intechopen.com/storage/books/3505/authors_book/authors_book.pdf
942 _cEB
999 _c21713
_d21713